One Piece - Will of "D" - All characters with the name "D" - Statistics

General Stats
  • This quiz has been taken 1,034 times
    424 since last reset
  • The average score is 11 of 15
Answer Stats
Answer % Correct
Monkey D. Luffy
100%
Gol D. Roger
95%
Monkey D. Garp
95%
Monkey D. Dragon
94%
Portgas D. Ace
92%
Trafalgar D. Water Law
90%
Marshall D. Teach
87%
Rocks D. Xebec
71%
Nefertari D. Vivi
65%
Portgas D. Rouge
65%
Nefertari D. Cobra
58%
Nefertari D. Lily
54%
Jaguar D. Saul
53%
Clou D. Clover
30%
Davy D. Jones
22%
No matching quizzes found
Score Distribution
Percent of People with Each Score
Percentile by Number Answered
Your Score History
You have not taken this quiz since the last reset